[Event "Lubawka op 2nd"]
[Site "Lubawka"]
[Date "2007.07.11"]
[Round "8"]
[White "Lipien, Wieslaw"]
[Black "Krupa, Monika"]
[Result "0-1"]
[WhiteElo "2100"]
[BlackElo "2258"]
[PlyCount "94"]
[EventDate "2007.07.07"]
[EventType "swiss"]
[EventRounds "9"]
[EventCountry "POL"]
[SourceTitle "CBM 119 Extra"]
[Source "ChessBase"]
[SourceDate "2007.09.04"]
[SourceVersion "1"]
[SourceVersionDate "2007.09.04"]
[SourceQuality "1"]

1. e4 c5 2. Nf3 Nc6 3. d4 cxd4 4. Nxd4 Nf6 5. Nc3 e5 6. Ndb5 d6 7. Bg5 a6 8. Na3 b5 9. Nd5 Qa5+ 10. Bd2 Qd8 11. Bg5 Be7 12. Nxe7 Nxe7 13. Bxf6 gxf6 14. Qf3 f5 15. exf5 Bxf5 16. Bd3 Be6 17. 0-0-0 f5 18. Rhe1 0-0 19. Qg3+ Ng6 20. f4 e4 21. Be2 Rc8 22. Rd4 Bxa2 23. h4 Qxh4 24. Qxh4 Nxh4 25. Rxd6 b4 26. Bxa6 bxa3 27. Bxc8 Rxc8 28. bxa3 Bb3 29. Kb2 Ba4 30. Rd2 Rc7 31. Re3 Rg7 32. Rc3 h5 33. Rd8+ Kf7 34. Rh8 Nxg2 35. Rxh5 Bd7 36. Rc7 Ke8 37. Rxf5 Re7 38. Rg5 Nxf4 39. Rc4 Nh3 40. Rh5 Bg4 41. Rh8+ Kd7 42. Rd4+ Kc6 43. Rhd8 Nf2 44. Rc4+ Kb5 45. Rdd4 Be2 46. Rc8 e3 47. Rb4+ Ka5 0-1

[Event "Lubawka op 2nd"]
[Site "Lubawka"]
[Date "2007.07.08"]
[Round "2"]
[White "Lipien, Wieslaw"]
[Black "Gralka, Julian"]
[Result "1/2-1/2"]
[WhiteElo "2100"]
[BlackElo "2278"]
[PlyCount "102"]
[EventDate "2007.07.07"]
[EventType "swiss"]
[EventRounds "9"]
[EventCountry "POL"]
[SourceTitle "CBM 119 Extra"]
[Source "ChessBase"]
[SourceDate "2007.09.04"]
[SourceVersion "1"]
[SourceVersionDate "2007.09.04"]
[SourceQuality "1"]

1. e4 c6 2. d4 d5 3. Nd2 dxe4 4. Nxe4 Nd7 5. Nf3 Ngf6 6. Ng3 e6 7. Bd3 c5 8. Qe2 cxd4 9. Nxd4 Bc5 10. Nb3 Be7 11. Bd2 0-0 12. 0-0-0 Qc7 13. Kb1 b6 14. c4 Bb7 15. f3 Bd6 16. Bc3 Be5 17. Nd4 a6 18. Rhe1 Rfe8 19. Nb5 axb5 20. Bxe5 Nxe5 21. Qxe5 Qxe5 22. Rxe5 bxc4 23. Bxc4 Bd5 24. Bxd5 Nxd5 25. Re2 Rec8 26. Ne4 h6 27. a3 b5 28. Rc1 Rcb8 29. Nc3 Nf4 30. Rd2 b4 31. axb4 Rxb4 32. g3 Ng6 33. f4 Ne7 34. Re1 Rab8 35. Re4 Rb3 36. Red4 g5 37. Rd8+ Kg7 38. Rxb8 Rxb8 39. fxg5 hxg5 40. Rd7 Ng6 41. Kc2 Ne5 42. Rc7 g4 43. Ne4 Rh8 44. Kc3 Rxh2 45. b4 Rh1 46. Nc5 Kg6 47. b5 Rc1+ 48. Kd4 Nf3+ 49. Kd3 Ne5+ 50. Kd4 Nf3+ 51. Kd3 Ne5+ 1/2-1/2

[Event "Lubawka op 2nd"]
[Site "Lubawka"]
[Date "2007.07.08"]
[Round "3"]
[White "Lipien, Wieslaw"]
[Black "Lipski, Tadeusz"]
[Result "1/2-1/2"]
[WhiteElo "2100"]
[BlackElo "2150"]
[PlyCount "107"]
[EventDate "2007.07.07"]
[EventType "swiss"]
[EventRounds "9"]
[EventCountry "POL"]
[SourceTitle "CBM 119 Extra"]
[Source "ChessBase"]
[SourceDate "2007.09.04"]
[SourceVersion "1"]
[SourceVersionDate "2007.09.04"]
[SourceQuality "1"]

1. e4 e5 2. Nc3 f5 3. exf5 Nf6 4. d3 Bb4 5. Bd2 d5 6. Qe2 0-0 7. 0-0-0 Nc6 8. g4 Bxc3 9. Bxc3 d4 10. Bd2 Qd5 11. b3 Qxh1 12. Nf3 Nxg4 13. Bh3 Qxd1+ 14. Qxd1 Nxf2 15. Qf1 Nxh3 16. Qxh3 Bxf5 17. Qg3 Rae8 18. Bh6 Bg6 19. Bg5 Re6 20. h4 Rf5 21. Qg4 h5 22. Qg3 Nb4 23. Kb2 Nd5 24. Bd2 Nf4 25. Ng5 Rc6 26. Ne4 Bf7 27. a4 Rg6 28. Ng5 Bd5 29. Qh2 Ne6 30. Qe2 Nxg5 31. Qxh5 Bf7 32. Qg4 Be6 33. h5 Rff6 34. Qd1 Nf3 35. hxg6 Nxd2 36. Qxd2 Rxg6 37. Qa5 Rf6 38. Qxe5 Kh7 39. Qxd4 b6 40. Qh4+ Kg8 41. Qe4 g5 42. Qe5 Rg6 43. Qxc7 g4 44. Qb8+ Kh7 45. Qxa7+ Kh6 46. Qxb6 g3 47. Qg1 g2 48. c4 Bh3 49. b4 Kh5 50. b5 Rf6 51. b6 Rf1 52. Qc5+ Rf5 53. Qxf5+ Bxf5 54. b7 1/2-1/2

[Event "POL-chT 2nd League"]
[Site "Lublin"]
[Date "2006.09.10"]
[Round "9.88"]
[White "Lercel, Michal"]
[Black "Lipien, Wieslaw"]
[Result "1-0"]
[WhiteElo "2197"]
[BlackElo "2069"]
[PlyCount "59"]
[EventDate "2006.09.02"]
[EventType "team-swiss"]
[EventRounds "9"]
[EventCountry "POL"]
[SourceTitle "EXT 2019"]
[Source "ChessBase"]
[SourceDate "2018.10.10"]
[SourceVersion "1"]
[SourceVersionDate "2018.10.10"]
[SourceQuality "1"]
[WhiteTeam "Wroclaw AZS Politechnika"]
[BlackTeam "Przedwojow Debiut"]
[WhiteTeamCountry "POL"]
[BlackTeamCountry "POL"]

1. e4 c5 2. Nf3 d6 3. Bb5+ Nc6 4. 0-0 Bd7 5. Re1 e6 6. c3 Nf6 7. d4 cxd4 8. cxd4 d5 9. exd5 Nxd5 10. Nc3 Nxc3 11. bxc3 Be7 12. d5 exd5 13. Qe2 Kf8 14. c4 Be6 15. cxd5 Qxd5 16. Bb2 h6 17. Bxc6 bxc6 18. Nd4 Rb8 19. Nxe6+ Qxe6 20. Qa6 Qd7 21. Rad1 Qb7 22. Qxb7 Rxb7 23. Ba3 f6 24. Rxe7 Rxe7 25. Rd8+ Kf7 26. Bxe7 Rh7 27. Bc5 Ke6 28. Rd6+ Ke5 29. Rxc6 g5 30. Be3 1-0

[Event "POL-chT 2nd League"]
[Site "Lublin"]
[Date "2006.09.06"]
[Round "5.88"]
[White "Malczyk, Rafal"]
[Black "Lipien, Wieslaw"]
[Result "1/2-1/2"]
[WhiteElo "2054"]
[BlackElo "2069"]
[PlyCount "69"]
[EventDate "2006.09.02"]
[EventType "team-swiss"]
[EventRounds "9"]
[EventCountry "POL"]
[SourceTitle "EXT 2019"]
[Source "ChessBase"]
[SourceDate "2018.10.10"]
[SourceVersion "1"]
[SourceVersionDate "2018.10.10"]
[SourceQuality "1"]
[WhiteTeam "Olsztyn AZS UWM"]
[BlackTeam "Przedwojow Debiut"]
[WhiteTeamCountry "POL"]
[BlackTeamCountry "POL"]

1. d4 g6 2. Nf3 Bg7 3. g3 d6 4. Bg2 Nf6 5. 0-0 0-0 6. Nbd2 Nbd7 7. c4 c6 8. Qc2 Qc7 9. b3 c5 10. Bb2 Rb8 11. d5 b5 12. e4 bxc4 13. Nxc4 Nb6 14. Rab1 Nxc4 15. bxc4 Bd7 16. Nd2 Rb7 17. Bc3 Rfb8 18. h3 Qc8 19. Kh2 Rxb1 20. Rxb1 Rxb1 21. Nxb1 Qa6 22. Nd2 Qa3 23. Nb1 Qa6 24. Qb3 Qb6 25. f4 h5 26. e5 Ne8 27. Nd2 Qxb3 28. axb3 a5 29. Nf3 a4 30. b4 cxb4 31. Bxb4 Bf5 32. c5 dxc5 33. Bxc5 Be4 34. Nd4 Bxg2 35. Kxg2 1/2-1/2

[Event "POL-chT 2nd League"]
[Site "Lublin"]
[Date "2006.09.03"]
[Round "2.88"]
[White "Lipien, Wieslaw"]
[Black "Mazalon, Mariusz"]
[Result "1-0"]
[WhiteElo "2069"]
[BlackElo "2096"]
[PlyCount "65"]
[EventDate "2006.09.02"]
[EventType "team-swiss"]
[EventRounds "9"]
[EventCountry "POL"]
[SourceTitle "EXT 2019"]
[Source "ChessBase"]
[SourceDate "2018.10.10"]
[SourceVersion "1"]
[SourceVersionDate "2018.10.10"]
[SourceQuality "1"]
[WhiteTeam "Przedwojow Debiut"]
[BlackTeam "Bydgoszcz Chemik"]
[WhiteTeamCountry "POL"]
[BlackTeamCountry "POL"]

1. e4 g6 2. d4 Bg7 3. Nf3 c6 4. Nc3 d6 5. Be3 Nf6 6. h3 0-0 7. Qd2 b5 8. a3 a5 9. Bd3 Na6 10. 0-0 b4 11. axb4 Nxb4 12. Bc4 d5 13. exd5 cxd5 14. Bb3 Ba6 15. Rfe1 e6 16. Bg5 Qc7 17. Bf4 Qd8 18. Ne5 Bb7 19. Bg5 Qc7 20. Ba4 Ne4 21. Nxe4 dxe4 22. Nd7 Rfd8 23. c3 Na6 24. Nf6+ Kh8 25. Nxe4 Rd5 26. h4 e5 27. Nf6 Rdd8 28. Ng4 exd4 29. Bxd8 Rxd8 30. cxd4 Bxd4 31. Re8+ Rxe8 32. Qxd4+ f6 33. Qxf6+ 1-0

[Event "POL-chT 2nd League"]
[Site "Lublin"]
[Date "2006.09.02"]
[Round "1.82"]
[White "Pawlowski, Slawomir"]
[Black "Lipien, Wieslaw"]
[Result "0-1"]
[WhiteElo "2130"]
[BlackElo "2069"]
[PlyCount "68"]
[EventDate "2006.09.02"]
[EventType "team-swiss"]
[EventRounds "9"]
[EventCountry "POL"]
[SourceTitle "EXT 2019"]
[Source "ChessBase"]
[SourceDate "2018.10.10"]
[SourceVersion "1"]
[SourceVersionDate "2018.10.10"]
[SourceQuality "1"]
[WhiteTeam "Wloclawek Leszczynski"]
[BlackTeam "Przedwojow Debiut"]
[WhiteTeamCountry "POL"]
[BlackTeamCountry "POL"]

1. d4 Nf6 2. Nc3 d6 3. e4 g6 4. Be3 Bg7 5. f3 0-0 6. Qd2 c6 7. g4 b5 8. a3 Nbd7 9. g5 Nh5 10. Nge2 e5 11. d5 c5 12. Nxb5 Nb6 13. b3 f5 14. h4 fxe4 15. fxe4 Bg4 16. Rg1 Bf3 17. Nbc3 a5 18. a4 c4 19. Bg2 cxb3 20. cxb3 Rc8 21. Rc1 Nd7 22. Nb5 Rxc1+ 23. Qxc1 Bxg2 24. Rxg2 Nf4 25. Bxf4 exf4 26. Nxf4 Nc5 27. Ke2 Nxb3 28. Qe3 Qc8 29. Qxb3 Rxf4 30. Nxd6 Qc1 31. Qd1 Qc7 32. e5 Bxe5 33. Nb5 Qc4+ 34. Qd3 Re4+ 0-1

[Event "POL-chT 2nd League"]
[Site "Wysowa"]
[Date "2005.09.01"]
[Round "6.82"]
[White "Lipien, Wieslaw"]
[Black "Milanowski, Jan"]
[Result "1-0"]
[WhiteElo "2042"]
[BlackElo "2113"]
[PlyCount "53"]
[EventDate "2005.08.27"]
[EventType "team-swiss"]
[EventRounds "9"]
[EventCountry "POL"]
[SourceTitle "EXT 2019"]
[Source "ChessBase"]
[SourceDate "2018.10.10"]
[SourceVersion "1"]
[SourceVersionDate "2018.10.10"]
[SourceQuality "1"]
[WhiteTeam "Przedwojow Debiut"]
[BlackTeam "Pawlowice GKS Pniowek 74"]
[WhiteTeamCountry "POL"]
[BlackTeamCountry "POL"]

1. e4 d6 2. d4 Nf6 3. Nc3 c6 4. Nf3 Qc7 5. Be3 e5 6. h3 Be7 7. Bd3 Nbd7 8. 0-0 0-0 9. Nd2 a6 10. f4 b5 11. Ne2 exd4 12. Nxd4 Nc5 13. N2f3 Nxd3 14. cxd3 c5 15. Rc1 Qa5 16. Nc6 Qc7 17. Nxe7+ Qxe7 18. Bf2 Nd7 19. Re1 Bb7 20. d4 c4 21. d5 Qf6 22. Qd2 Rfe8 23. Rc3 Rac8 24. Bh4 Qh6 25. Bg5 Qh5 26. g4 Qxh3 27. Nh2 1-0

[Event "POL-chT 2nd League"]
[Site "Wysowa"]
[Date "2005.08.29"]
[Round "3.82"]
[White "Szczesniak, Konrad"]
[Black "Lipien, Wieslaw"]
[Result "1-0"]
[WhiteElo "2235"]
[BlackElo "2042"]
[PlyCount "120"]
[EventDate "2005.08.27"]
[EventType "team-swiss"]
[EventRounds "9"]
[EventCountry "POL"]
[SourceTitle "EXT 2019"]
[Source "ChessBase"]
[SourceDate "2018.10.10"]
[SourceVersion "1"]
[SourceVersionDate "2018.10.10"]
[SourceQuality "1"]
[WhiteTeam "Prudnik LKS Zarzewie"]
[BlackTeam "Przedwojow Debiut"]
[WhiteTeamCountry "POL"]
[BlackTeamCountry "POL"]

1. d4 Nf6 2. c4 g6 3. Nc3 Bg7 4. e4 d6 5. Be2 0-0 6. Nf3 Nc6 7. d5 Nb4 8. a3 Na6 9. Be3 c5 10. h3 h6 11. Qd2 Kh7 12. g4 Ne8 13. 0-0-0 Qa5 14. Rdg1 Bd7 15. Nh4 Rb8 16. f4 Bxc3 17. Qxc3 Qxc3+ 18. bxc3 b5 19. e5 bxc4 20. Bxc4 Bb5 21. Ba2 Bd3 22. Rh2 Nec7 23. c4 Rb7 24. Rb2 Rfb8 25. Rxb7 Rxb7 26. Re1 Ne8 27. Bd2 dxe5 28. fxe5 g5 29. Re3 Bg6 30. Nxg6 Kxg6 31. Bb1+ Kg7 32. Bc2 f6 33. Bc3 Nb8 34. Ba4 Kf7 35. Bxe8+ Kxe8 36. exf6 Kf7 37. fxe7 Rxe7 38. Rxe7+ Kxe7 39. Bg7 Nd7 40. Kd2 Kf7 41. Bc3 Nf8 42. Be5 Nd7 43. Bd6 Kg6 44. Ke3 h5 45. gxh5+ Kxh5 46. Ke4 Kh4 47. Be7 Kxh3 48. Bxg5 Kg3 49. Bd8 Kf2 50. d6 Ke2 51. a4 Kd2 52. a5 Kc3 53. Kd5 Kb4 54. a6 Kb3 55. Ba5 Ka4 56. Be1 Kb3 57. Kc6 Nb8+ 58. Kb7 Nd7 59. Kxa7 Kxc4 60. Kb7 Kb5 1-0